000 01363nam0a2200337 4500
001 RU\NLR\BIBL_A\022375238
005 20241114120144.0
010 _a978-5-392-42470-2
_93000
021 _aRU
_bКН-П-24-057427
_9КН-П-24-5719
021 _aRU
_bКН-П-25-009262
_9КН-П-25-0934
035 _a(NLR Aleph) 022375238
090 _a13270660
_c13270660
100 _a20241107d2025 u y0rusy50 ca
101 0 _arus
102 _aRU
105 _aa z 000yy
181 0 _ai3
_baxxe
182 0 _an
200 1 _aЗанимательная арифметика
_eзагадки и диковинки в мире чисел
_fЯ. И. Перельман
203 _aТекст
_bвизуальный
_cнепосредственный
210 _aМосква
_cПроспект
_d2025 [т. е. 2024]
215 _a208 с.
_cил.
_d21
225 1 _aДом занимательной науки
300 _aКн. фактически изд. в 2024 г.
606 1 _aЗанимательная арифметика
_92247089
_3RU\NLR\AUTH\661348044
686 1 _aВ13я92
700 1 _7ca
_8rus
_aПерельман
_bЯ. И.
_f1882-1942
_gЯков Исидорович
_928413
_3RU\NLR\AUTH\7745475
942 _cBOOK
980 _aNB